000 01681cam a2200385 4500
999 _c234967
_d234967
001 765233
003 Nust
005 20170403174652.0
008 710902r19701859nyub b 000 0 eng
010 _a 70141355
020 _a0833722344
040 _aDLC
_cDLC
_dDLC
041 1 _aeng
_hspa
043 _ae------
_aa------
050 0 0 _aG161
_b.H22 no. 26
082 0 0 _a910.946
_bGON
100 2 _aGonzález de Clavijo, Ruy,
_d-1412.
240 1 0 _aEmbajada a Tamorlán.
_lEnglish
245 1 0 _aNarrative of the embassy of Ruy Gonzalez de Clavijo to the court of Timour at Samarcand, A.D. 1403-6.
_cTranslated for the first time, with notes, a pref., and an introductory life of Timour Beg, by Clements R. Markham.
260 _aNew York,
_bB. Franklin
_c[1970]
300 _alvi, 200 p.
_bfold. map.
_c23 cm.
490 1 _aWorks issued by the Hakluyt Society, no. 26
500 _aOn cover: The embassy of Ruy Gonzalez de Clavijo to the court of Timour.
500 _aReprint of the 1859 ed.
500 _aTranslation of Historia del gran Tamorlan.
600 0 0 _aTimur,
_d1336-1405
_vEarly works to 1800.
650 0 _aConquerors
_zAsia, Central
_xBiography.
651 0 _aEurope
_xDescription and travel
_xEarly works to 1800.
651 0 _aAsia
_xDescription and travel
_xEarly works to 1800.
651 0 _aAsia, Central
_xKings and rulers
_xBiography.
700 1 _aMarkham, Clements R.
_q(Clements Robert),
_cSir,
_d1830-1916,
_eed.
740 0 _aEmbassy of Ruy Gonzalez de Clavijo to the court of Timour.
830 0 _aWorks issued by the Hakluyt Society ;
_vno. 26.
906 _a7
_bcbc
_corignew
_d4
_encip
_f19
_gy-gencatlg
942 _2ddc
_cBK